000 00250nam a22001097a 4500
040 _cSK
082 _a303
100 _aវុន វ៉ារី
245 _aភាពជាអ្នកដឹកនាំ
260 _aRUA
_bវុន
_cNA
942 _cKB
999 _c9822
_d9822